00293nam a2200121Ia 4500008004100000041000800041082001200049100002000061245001200081260003500093300003200128365001100160240624s9999 xx 000 0 und d aeng a823 ALI aALIGHIERI DANTE aINFERNO c2011aNew DelhibHarperCollins aviii, : 238 : p. : cm. ; 18 cRSb25